Boletim da C.L.C.I - Cachoeiro de Itapemirim (Registro n. 724)

Detalhes MARC
000 -LEADER
fixed length control field 00823nas a22002177a 4500
005 - DATE AND TIME OF LATEST TRANSACTION
control field 20260528104900.0
008 - FIXED-LENGTH DATA ELEMENTS--GENERAL INFORMATION
fixed length control field 260528b19771981porz||j| |||| 00| z por d
040 ## - CATALOGING SOURCE
Transcribing agency BR-ViAPE
245 ## - TITLE STATEMENT
Title Boletim da C.L.C.I - Cachoeiro de Itapemirim
260 ## - PUBLICATION, DISTRIBUTION, ETC.
Place of publication, distribution, etc. Cachoeiro de Itapemirim
Name of publisher, distributor, etc. Cooperativa "Laticínios Cachoeiro de Itapemirim Ltda"
Date of publication, distribution, etc. 1977-1981
300 ## - PHYSICAL DESCRIPTION
Extent v.
Other physical details il.
310 ## - CURRENT PUBLICATION FREQUENCY
Current publication frequency Mensal
362 ## - DATES OF PUBLICATION AND/OR SEQUENTIAL DESIGNATION
Dates of publication and/or sequential designation Ano 25, n. 323 (jun. 1977) - ano 30, n. 368 (mar. 1981).
500 ## - GENERAL NOTE
General note Coleção incompleta: disponíveis apenas alguns números do periódico.
650 ## - SUBJECT ADDED ENTRY--TOPICAL TERM
Topical term or geographic name entry element Cooperativa
General subdivision Laticínios
-- Cooperados
Geographic subdivision Espírito Santo
651 ## - SUBJECT ADDED ENTRY--GEOGRAPHIC NAME
Geographic name Espírito Santo (Brasil)
Form subdivision Periódicos
700 ## - ADDED ENTRY--PERSONAL NAME
Personal name Barbosa, Ryve Campos
Relator term Diretor
710 ## - ADDED ENTRY--CORPORATE NAME
Corporate name or jurisdiction name as entry element Cooperativa "Laticínios Cachoeiro de Itapemirim Ltda"
942 ## - ADDED ENTRY ELEMENTS (KOHA)
Source of classification or shelving scheme Dewey Decimal Classification
Koha item type Periódicos
Suppress in OPAC Yes
Exemplares
Withdrawn status Lost status Source of classification or shelving scheme Damaged status Not for loan Home library Current library Date acquired Total checkouts Date last seen Price effective from Koha item type
    Dewey Decimal Classification     Hemeroteca Digital do Arquivo Público do Estado do Espírito Santo Hemeroteca Digital do Arquivo Público do Estado do Espírito Santo 05/28/2026   05/28/2026 05/28/2026 Periódicos